[Event "FIDE World Cup"]
[Site "Khanty-Mansiysk"]
[Date "2005.11.30"]
[Round "2.1"]
[White "Dreev, Alexey"]
[Black "Paragua, Mark"]
[Result "1/2-1/2"]
[WhiteElo "2694"]
[BlackElo "2596"]
[Annotator "Huzman,A"]
[PlyCount "136"]
[EventDate "2005.11.27"]
[EventType "k.o."]
[EventRounds "7"]
[EventCountry "RUS"]
[SourceTitle "CBM 111"]
[Source "ChessBase"]
[SourceDate "2006.04.04"]
[SourceVersion "1"]
[SourceVersionDate "2006.04.04"]
[SourceQuality "1"]

1. d4 d5 2. c4 dxc4 3. e4 e5 4. Nf3 exd4 5. Bxc4 Bb4+ 6. Nbd2 Nc6 7. O-O Nf6 8.
e5 Nd5 9. Nb3 Nb6 10. Bb5 Qd5 11. Nbxd4 Bd7 12. Bxc6 (12. Nxc6 Qxb5 13. Nfd4
Qc5 14. Nxb4 Qxb4 15. e6 (15. a3 Qe7 16. Re1 O-O-O 17. Qh5 h6 18. Bd2 Nd5 19.
Rac1 Be6 20. Qe2 Kb8 21. Qb5 Nb6 22. Bb4 Qh4 23. Nxe6 fxe6 24. Rc3 Rd5 $11 {
1/2-1/2 Ahlander,B-Hjelm,N/Sweden 2003/EXT 2004 (47)}) (15. Qd3 O-O 16. Rd1 c5
17. Nf3 Bc6 18. Ng5 Qh4 19. Be3 Nd5 20. Nf3 Qh5 21. Rac1 b6 $15 {0-1 Smuts,
I-Wosch,A/ICCF Email 2000/ICCF Telechess CBM 107 (40)}) 15... Bxe6 (15... fxe6
16. Qh5+ g6 17. Qe5 O-O-O 18. Bf4 Nd5 19. Rfc1 Qb6 20. a4 $36 {1-0 Kanep,
M-Zavoronkov,V/Tallinn EST 2005/(32)}) 16. Nxe6 fxe6 17. Qh5+ g6 18. Qe5 O-O-O
19. Bg5 (19. Bf4 Nd5 20. Qxe6+ Rd7 $6 (20... Kb8 $11) 21. Bg3 $36 {1/2-1/2
Nikolic,P-Matulovic,M/Jugoslavija 38/489 1984/[Matulovic,M] (63)}) 19... Qd6
20. Qc3 Rde8 21. Rac1 Nd5 22. Qd4 Kb8 $15 {0-1 Nikolaidis,I-Sellos,D/Cannes
1995/CBM 46 ext (84)}) 12... Bxc6 13. Nxc6 (13. Bd2 Bxd2 14. Qxd2 O-O-O 15. Qc3
Qc4 16. Nxc6 Qxc3 17. Nxa7+ Kb8 18. bxc3 Kxa7 19. Ng5 $16 {1-0 Grigore,
G-Breahna,R/Bucharest 1995/EXT 2002 (28)}) 13... Qxc6 14. Bg5 h6 (14... Qd5 15.
Qe2 h6 16. Bh4 g5 17. Bg3 O-O-O 18. Nxg5 hxg5 19. Qg4+ Nd7 20. Qxb4 Nxe5 $11 {
0-1 Campbell,I-Kilpatrick,R/SCCA ch 1991 (60)}) (14... Qe6 15. Nd4 Qd7 16. e6
fxe6 17. Qg4 O-O 18. a3 Bd6 19. Nxe6 h6 20. Bd2 Rf6 $17 {1/2-1/2 Chandler,
C-Martin,B/GBR-ch corr8990 1989/CR97-89 (29)}) 15. Rc1 (15. Bh4 Qe6 (15... Qd7
16. Qb3 Qa4 17. Qd3 g5 18. Bg3 O-O 19. e6 $16 {1-0 Diaz Rubi,F-Pietrocola,R/
ICCF Email 2000/Corr 2002 (28)}) (15... Qd5 16. Qc2 g5 17. Bg3 O-O-O 18. Rac1
c6 19. a3 Be7 20. Rfd1 Qc4 21. Qf5+ Qe6 22. Nd4 Qxf5 23. Nxf5 Rxd1+ 24. Rxd1
Bf8 $14 {1/2-1/2 Bohlin,J-Giertz,N/ICCF 1999/ICCF Telechess CBM 102 (36)}) 16.
Nd4 Qd5 17. a3 Bf8 18. e6 g5 19. exf7+ Kxf7 20. Qh5+ Kf6 21. Bg3 Qxd4 22. Rad1
Qc5 23. b4 Qb5 24. f4 $18 {1-0 Chandler,C-Bowyer,K/corr 1988 (29)}) 15... Qd5
16. a3 (16. Be3 Qxd1 17. Rfxd1 c6 $11) 16... hxg5 17. axb4 g4 $1 18. Ng5 (18.
Qxd5 Nxd5 19. Nd4 O-O-O $11) (18. Nd4 Rd8 19. Nf5 g6 20. Ne3 (20. Qxg4 $5 gxf5
21. Qg7 Rh4 22. Rxc7 Nd7 $15) 20... Qxe5 21. Nxg4 Rxd1 22. Nxe5 Rxf1+ 23. Kxf1
Nd5 $11) 18... Qxd1 19. Rfxd1 Rh5 $1 20. f4 gxf3 21. Nxf3 Rc8 (21... c6 22. b5
cxb5 23. Rc7 Rb8 24. g4 Rh6 25. Ng5 Rg6 26. Nxf7 Na8 27. Rcd7 Nb6 $11) 22. b5 {
[%csl Rc7]} Nd7 23. Re1 {[%cal Ge5e6]} Kf8 24. Re4 Rh6 $1 {[%csl Rb5][%cal
Yh6b6]} 25. Nd4 Rh5 26. Nf3 Rh6 27. Rd1 Ke8 28. Rg4 Rg6 (28... Rh5 29. Ra1 $1
Ra8 30. Rc4 $36) 29. e6 (29. Rxg6 $5 fxg6 30. Ra1 Ra8 31. Kf2 Ke7 $14) 29...
Rxe6 30. Rxg7 Rg6 31. Rh7 Nf6 32. Rh8+ Rg8 33. Rxg8+ Nxg8 34. Ra1 Ra8 35. Kf2
$14 Nf6 36. Ke3 Ke7 37. h3 Ne8 $1 38. Kf4 Nd6 $132 39. Nd4 Kf6 40. Re1 a6 $11
41. Ra1 Re8 42. bxa6 bxa6 43. Kf3 Rb8 44. Rxa6 Rxb2 45. g4 Rb4 46. Ke3 Rc4 47.
Nf3 Rc3+ 48. Kf4 Rc4+ 49. Kg3 Kg7 50. Ra2 Ne4+ 51. Kg2 c5 52. h4 Rc1 53. Re2
Nf6 54. Ne5 Nd5 55. Rd2 Nf4+ 56. Kg3 Ng6 57. Nxg6 Kxg6 58. Rd6+ Kg7 59. Rc6 c4
60. g5 c3 61. Kg4 c2 62. Kh5 Kf8 63. Rc7 Ke8 64. Kh6 Rh1 65. Rxc2 Rxh4+ 66. Kg7
Rf4 67. Re2+ Kd7 68. g6 fxg6 1/2-1/2

[Event "EU-chT (Men) 14th"]
[Site "Plovdiv"]
[Date "2003.10.11"]
[Round "1.2"]
[White "Mamedyarov, Shakhriyar"]
[Black "Mannion, Stephen R"]
[Result "1-0"]
[WhiteElo "2595"]
[BlackElo "2348"]
[Annotator "Huzman,A"]
[PlyCount "61"]
[EventDate "2003.10.10"]
[EventType "team-swiss"]
[EventRounds "9"]
[EventCountry "BUL"]
[SourceTitle "CBM 098"]
[Source "ChessBase"]
[SourceDate "2004.02.03"]
[SourceVersion "1"]
[SourceVersionDate "2004.02.03"]
[SourceQuality "1"]
[WhiteTeam "Azerbaijan"]
[BlackTeam "Scotland"]
[WhiteTeamCountry "AZE"]
[BlackTeamCountry "SCO"]

1. d4 d5 2. c4 dxc4 3. e4 Nf6 4. e5 Nd5 5. Bxc4 Nb6 6. Bb3 Nc6 7. Be3 Bf5 8. e6
$1 {[%mdl 544]} fxe6 (8... Bxe6 9. Bxe6 fxe6 10. Nc3 (10. Nf3 e5 (10... Qd5 11.
Nc3 Qf5 12. O-O O-O-O 13. Qb3 h6 14. Rac1 g5 15. Nb5 Bg7 16. Nxa7+ Nxa7 17.
Qxb6 $14 {1/2-1/2 Sarakauskas,G-Bucinskas,V/Vilnius 1999/EXT 2000 (29)}) 11.
O-O (11. Nxe5 Nxe5 12. dxe5 Qxd1+ 13. Kxd1 Nc4 14. Ke2 O-O-O 15. f4 Nxb2 16.
Rc1 e6 17. Bxa7 Nd3 18. Rc4 g5 $17 {0-1 Chetverik,M-Henssler,J/Budapest 1993/
EXT 98 (26)}) 11... exd4 12. Nxd4 Qd7 13. Nxc6 Qxc6 14. Nc3 e6 15. Qh5+ g6 16.
Qe5 Rg8 17. Nb5 Nd5 18. Rac1 Qxb5 19. Qxe6+ Ne7 20. Rxc7 Rg7 21. Bc5 {1/2-1/2
Khamidulin,V-Medvedkov,A/St Petersburg 1998/EXT 99 (24)} (21. Bh6 $5 $16))
10... Qd7 11. Nf3 O-O-O 12. O-O h6 13. b4 Nd5 14. Ne4 e5 15. b5 Nxd4 16. Nxe5
Nxe3 17. fxe3 Qd5 18. Qxd4 {1-0 Bronstein,D-Lukin,A/Yaroslav 1982/EXT 99 (18)})
9. Nf3 {I believe that having the light-coloured Bs on favours White because
it increases his attacking potential. Besides, the "Bf5" can get its owner
into trouble} Qd7 (9... g6 10. Nc3 Bg7 11. h3 {[%csl Rf5]} Nd5 12. g4 Nxc3 13.
bxc3 Be4 14. Ng5 $1 Bxh1 15. Nxe6 Qd6 16. Bf4 $1 (16. Nxg7+ Kd7 17. Be6+ $44
Kd8 18. Qe2) 16... Be5 17. dxe5 Qxd1+ 18. Rxd1 Rc8 19. Ke2 Bg2 20. Rg1 Bxh3 21.
Rg3 $16) 10. Nc3 h6 $6 {a waste of time} (10... O-O-O 11. Rc1 $44) 11. Rc1
O-O-O 12. Nb5 $1 a6 (12... Kb8 13. Bf4 Na8 14. Ba4 $1 $40) 13. Rxc6 $1 axb5 (
13... bxc6 14. Ne5 Qe8 15. Na7+ Kb7 16. Naxc6 Rd6 17. Qf3 Nd5 18. Ba4 $18) 14.
Rxb6 $1 $40 {[%mdl 128]} (14. Ne5 $5 Qe8 15. Bxe6+ Bxe6 16. Rxe6 Rd6 17. O-O $1
Rxe6 18. Qg4 $18 {[%csl Rf8,Rh8]}) 14... cxb6 15. Ne5 Qc7 (15... Qe8 16. Qf3
Rd6 17. g4 Bg6 18. O-O $16 {With the K-side pieces completely out of the game,
Black can't prevent a mating attack}) 16. Qf3 $1 (16. g4 Be4 17. O-O Bd5 18.
Qb1 $1 Bc4 19. Rc1 $18) 16... g5 17. O-O Kb8 18. Rc1 Qd6 19. Nf7 $18 Qd7 20.
Nxh8 g4 21. Qg3+ Ka7 22. Nf7 Rc8 23. Rxc8 Qxc8 24. Nxh6 Bg7 25. Nxf5 exf5 26.
h3 Qd7 27. hxg4 fxg4 28. Bd1 e5 29. Qxg4 Qe7 30. d5 e4 31. Qe6 1-0

[Event "EU-Cup 19th"]
[Site "Rethymno"]
[Date "2003.10.04"]
[Round "7.5"]
[White "Krasenkow, Michal"]
[Black "Kharlov, Andrei"]
[Result "1/2-1/2"]
[WhiteElo "2585"]
[BlackElo "2591"]
[Annotator "Huzman,A"]
[PlyCount "47"]
[EventDate "2003.09.28"]
[EventType "team-swiss"]
[EventRounds "7"]
[EventCountry "GRE"]
[SourceTitle "CBM 098"]
[Source "ChessBase"]
[SourceDate "2004.02.03"]
[SourceVersion "1"]
[SourceVersionDate "2004.02.03"]
[SourceQuality "1"]
[WhiteTeam "Warsaw Polonia"]
[BlackTeam "Kazan Ladya"]
[WhiteTeamCountry "POL"]
[BlackTeamCountry "RUS"]

1. d4 d5 2. c4 dxc4 3. e4 Nc6 4. Nf3 Bg4 5. d5 Ne5 6. Nbd2 e6 (6... Nf6 7. Nxc4
$5 (7. Be2 Nxf3+ 8. Bxf3 Bxf3 9. Qxf3 b5 10. a4 a6 11. b3 cxb3 12. Qxb3 bxa4
13. Qxa4+ Qd7 14. Qc4 a5 15. O-O $44 {0-1 Rakic,M-Abbaszade,A/Chalkidiki 2000/
CBM 78 ext (42)}) (7. Qa4+ Qd7 8. Qxd7+ Nfxd7 9. Nxe5 Nxe5 10. Nxc4 Nxc4 11.
Bxc4 O-O-O 12. O-O e6 13. h3 exd5 14. Bxd5 Be6 15. Bxe6+ fxe6 16. Bg5 Rd4 17.
Rfd1 e5 18. f3 h6 19. Be3 $14 {1/2-1/2 Roensch,K-Siemers,A/Neumuenster 2002/
EXT 2003 (54)}) 7... Nxc4 8. Bxc4 e5 ({The idea of the white became clear in
the variant} 8... Nxe4 9. h3 (9. Qd4 $5 Nf6 10. Ne5 Bf5 (10... Bh5 11. Be3 $44
{@}) 11. Bf4 $44 {@}) 9... Bxf3 10. Qxf3 Nd6 11. Bb3 g6 12. Qc3 f6 13. O-O $44
{1-0 Kasparov,G-Louro,I/Lisbon 1999/EXT 2002 (26)}) 9. dxe6 Qxd1+ 10. Kxd1
O-O-O+ (10... fxe6 $5 11. h3 Bxf3+ 12. gxf3 O-O-O+ 13. Kc2 Re8 14. Bb5 Rd8 15.
Rg1 a6 16. Bd3 Nd7 17. Bc4 Re8 18. f4 $16 {1-0 Volkov,S-Quinn,M/Port Erin 2000/
CBM 78 ext (34)}) 11. Ke2 Re8 12. Be3 Bxe6 13. Bxe6+ Rxe6 14. Ng5 Re7 15. f3
$14 {1-0 Volkov,S-Ibragimov,I/Moscow 1998/CBM 63/[Huzman] (41)}) (6... Qd6 7.
Qa4+ Bd7 8. Qc2 e6 9. Nxc4 Nxf3+ 10. gxf3 Qe7 11. Be3 exd5 12. exd5 Qb4+ 13.
Bd2 Qc5 14. O-O-O Qxd5 $13 {1-0 Turner,M-Baburin,A/Scarborough 1999/CBM 71 ext
(40)}) 7. Qa4+ Qd7 8. Qxd7+ Nxd7 9. dxe6 Bxe6 10. Nd4 Ne5 11. Nxe6 fxe6 12.
Nxc4 (12. Bxc4 Bb4 13. Bxe6 Nd3+ 14. Kf1 Rd8 15. Nb3 Nc5 16. Nxc5 Rd1+ 17. Ke2
Rxh1 18. Bd7+ Kf7 19. Nxb7 Re1+ 20. Kd3 Rd1+ 21. Kc4 Rxd7 22. Kxb4 Nf6 23. Nc5
Rd1 $15 {1/2-1/2 Sherbakov,R-Karpatchev,A/Novgorod 1999/CBM 69 ext (54)}) 12...
Bb4+ 13. Bd2 Bxd2+ 14. Kxd2 (14. Nxd2 O-O-O (14... Nf6 15. f4 Neg4 16. Be2
O-O-O 17. e5 Ne3 18. exf6 Nc2+ 19. Kf2 Nxa1 20. Nf3 Nc2 21. fxg7 Rhg8 22. Bc4
Rxg7 23. Bxe6+ Kb8 24. f5 $44) 15. f4 Nd3+ (15... Ng4 $5 16. Bc4 $140 Ne3 17.
Bxe6+ Kb8 18. Kf2 Nxg2 19. Kxg2 Rxd2+ 20. Kf3 Ne7 21. Rad1 $14) 16. Bxd3 Rxd3
17. Ke2 Rd7 $11) 14... Rd8+ (14... O-O-O+ 15. Kc3 Nc6 16. Ne3 Nf6 17. f3 $14 {
[%cal Gf1c4]}) 15. Ke3 {To prevent the R from occupying the "d4" spot} (15. Kc3
Nc6 16. Ne3 Nf6 17. f3 Ke7 $11) 15... Ng4+ (15... Nc6 16. Be2 Nd4 17. Rac1 c5
18. Ne5 b6 19. b4 $1 Nxe2 20. Kxe2 Rd4 21. Rc4 $1 Rxc4 22. Nxc4 cxb4 23. Rc1 (
23. Nd6+ Ke7 24. Nc8+ Kd7 25. Nxa7 Nf6 26. Rd1+ Kc7 27. Nb5+ Kc6 28. Nd4+ Kd6
29. f3 Ra8 30. Rd2 $14) 23... Nf6 24. Ne5 O-O 25. Ke3 $44) (15... Nxc4+ 16.
Bxc4 Ke7 17. Rhd1 Nf6 18. f4 $14) 16. Ke2 (16. Kf3 $5 N8h6 17. Kg3 {[%cal
Gf2f3]} Ke7 18. f3 Nf6 19. Be2 Rhf8 20. Rhd1 $14) 16... Rd4 $1 17. Nd2 Rxd2+ $1
(17... Nxf2 18. Nf3 Nxh1 19. Nxd4 $18 {[%csl Rh1]}) 18. Kxd2 Nxf2 19. Rg1 Nxe4+
$11 20. Kc2 Nd6 21. g3 Ne7 22. Bh3 Kd7 23. Rge1 Nef5 24. Rad1 (24. Rad1 Rf8 $11
) 1/2-1/2

[Event "Dubai op"]
[Site "Dubai"]
[Date "2001.04.20"]
[Round "6"]
[White "Kuzmin, Alexey"]
[Black "Volzhin, Alexander"]
[Result "1/2-1/2"]
[WhiteElo "2588"]
[BlackElo "2528"]
[Annotator "Huzman,A"]
[PlyCount "92"]
[EventDate "2001.04.15"]
[EventType "swiss"]
[EventRounds "9"]
[EventCountry "UAE"]
[SourceTitle "CBM 083"]
[Source "ChessBase"]
[SourceDate "2001.07.05"]
[SourceVersion "1"]
[SourceVersionDate "2001.07.05"]
[SourceQuality "1"]

1. d4 d5 2. c4 dxc4 3. e4 c5 4. d5 Nf6 5. Nc3 b5 6. Bf4 Ba6 7. e5 b4 8. exf6 (
8. Qa4+ Qd7 9. e6 Qxa4 10. Nxa4 Nxd5 11. exf7+ Kxf7 12. Nxc5 Bb5 13. Bg3 e6 $15
{1/2-1/2 Van Wely,L-Ponomariov,R/Biel 2000/CBM 79/}) (8. e6 fxe6 $6 (8... Qa5
$1) 9. Qa4+ Qd7 $2 10. dxe6 Qxa4 11. Nxa4 $16 {1-0 Sakaev,K-Ibragimov,I/Moscow
1999/CBM 75/[Huzman] (38)}) 8... bxc3 9. bxc3 gxf6 (9... Nd7 10. Qa4 Qb6 11.
fxe7 Bxe7 12. Bxc4 Bxc4 13. Qxc4 O-O 14. Rd1 Bd6 15. Bxd6 Qxd6 16. Ne2 Rfe8 17.
O-O Nb6 18. Qd3 Qxd5 19. Qxd5 {1/2-1/2 Roos,M-Kleibaumhueter,K/Arco ITA 2000/ 
(19)}) (9... Qa5 10. Qf3 Nd7 11. fxe7 Bxe7 12. d6 Bd8 $8 13. Qe4+ Kf8 14. Rc1
Rb8 15. Be2 Bf6 16. Kf1 $5 Re8 17. Qc2 Ne5 $36 {1-0 Adianto,U-Granda Zuniga,J/
Amsterdam 1996/CBM 55/[Psakhis] (38)}) 10. Bxc4 $146 (10. Rb1 Bg7 $1 11. Qg4 $2
(11. Bxc4 Bxc4 12. Qa4+ Nd7 13. Qxc4 Nb6 $13 {Ponomariov}) 11... Qxd5 $1 12.
Be2 Qe4 13. Rxb8+ Rxb8 14. Bxb8 Qb1+ 15. Bd1 O-O 16. Bc7 Rc8 17. Qf4 Qb7 18.
Ba5 Qb5 19. Bc7 Qb2 $1 20. Ne2 e5 $17 {0-1 Khalifman,A-Ponomariov,R/Neum 
(Bosna & Herzegovna) 2000/ (50)}) 10... Bxc4 11. Qa4+ Nd7 12. Qxc4 Nb6 (12...
Rg8 13. Qa4 $16) 13. Qb5+ Qd7 14. Qxd7+ Kxd7 15. O-O-O Rd8 {[%csl Rd5]} 16. Ne2
(16. Be3 Kc7 17. Bxc5 Nxd5 18. Bxa7 Bh6+ 19. Kc2 (19. Kb2 Nf4 20. Rxd8 Rxd8 $32
) 19... Ra8 20. Rxd5 Rxa7 $44) 16... Ke8 (16... Rg8 17. g3) 17. Be3 Nxd5 18.
Bxc5 e6 19. Bd4 (19. Bxf8 Rxf8 20. Rd4 Rg8 21. g3 Rc8 22. Kc2 Ke7 $14 {/=}) (
19. Bxa7 Ra8 20. Bd4 Rxa2 21. Nf4 $1 Nxf4 (21... Bh6 22. Kb1 Ra6 23. Nxd5 exd5
24. Bc5 $40) 22. Bxf6 Nd5 23. Bxh8 Ba3+ 24. Kb1 Rb2+ 25. Ka1 Rxf2 $44) 19...
Rc8 20. Kc2 Bc5 $11 21. Bxc5 Rxc5 22. Rd4 {[%cal Gd4a4,Gd4h4,Gh4h7,Ga4a7]} Ke7
23. Rb1 Rhc8 24. Rb7+ Kf8 25. Rb3 (25. Rxa7 Nxc3 26. Nxc3 Rxc3+ 27. Kb2 {
[%cal Gd4d7,Ga7f7]} Rc2+ 28. Kb3 Rxf2 29. Rdd7 Kg7 30. Rxf7+ Kg6 31. Rxh7 Rb8+
32. Kc4 Rxa2 $11) 25... Nb6 26. Rbb4 Nd5 27. Rb3 Nb6 28. a4 f5 29. Rbb4 Nd5 30.
Rb5 Rxc3+ $1 31. Nxc3 Nxc3 32. Rb7 Ne2+ 33. Kd3 Nxd4 34. Kxd4 Rc2 35. Ke3 a5
36. Rb5 Ra2 37. Rxa5 Ke7 38. g3 Kf6 39. h4 Ra3+ 40. Ke2 h5 41. Ra8 Ke5 42. Kf1
f4 $1 43. Ra5+ Ke4 44. gxf4 Kf3 $1 45. Kg1 f5 46. Re5 Rxa4 (46... Rxa4 47. Rxe6
Rxf4 $15) 1/2-1/2

[Event "Budapest FS02 GM"]
[Site "Budapest"]
[Date "2000.02.15"]
[Round "11"]
[White "Wang, Rui"]
[Black "Zhang, Pengxiang"]
[Result "0-1"]
[WhiteElo "2496"]
[BlackElo "2562"]
[Annotator "Huzman,A"]
[PlyCount "54"]
[EventDate "2000.02.05"]
[EventType "tourn"]
[EventRounds "13"]
[EventCountry "HUN"]
[EventCategory "9"]
[SourceTitle "CBM 076"]
[Source "ChessBase"]
[SourceDate "2000.05.31"]
[SourceVersion "1"]
[SourceVersionDate "2000.05.31"]
[SourceQuality "1"]

1. d4 d5 2. c4 dxc4 3. e4 Nf6 4. Nc3 e5 5. d5 c6 6. Nf3 (6. Bxc4 b5 7. Bb3 b4
$36) 6... Bb4 7. Bxc4 Bxc3+ $6 (7... Nxe4 8. O-O Nxc3 9. bxc3 Bxc3 10. Ba3 $1
$40) 8. bxc3 Nxe4 9. Ba3 (9. Nxe5 O-O 10. Qd4 Qa5 $1 11. Bb2 cxd5 12. Qxd5 Nc5
$1 13. O-O Be6 $15) 9... Nd6 10. Nxe5 O-O 11. O-O (11. Be2 Qf6 12. dxc6 (12.
Qd4 Nf5 13. Qb4 Re8 $17) 12... Qxe5 13. Bxd6 Qxc3+ 14. Kf1 Rd8 15. Bxb8 (15. c7
Rxd6 16. cxb8=Q Rxb8 17. Qxd6 Qxa1+ 18. Bd1 h6 $17) 15... Rxd1+ 16. Rxd1 h6 17.
c7 $44) 11... Nxc4 12. Nxc4 Re8 13. d6 $2 {[%mdl 16384]} (13. Nd6 $1 Re5 14.
Qf3 f6 15. Rae1 $16) 13... Be6 14. Ne3 Nd7 15. c4 Qa5 16. Bb2 Rad8 $15 {
[%csl Rd6]} 17. Qd4 f6 18. Bc3 Qc5 19. Qf4 $2 (19. Rad1 Qxd4 20. Bxd4 c5 21.
Bc3 Kf7 $15) 19... Ne5 20. Rab1 b6 21. Bb4 Nd3 $1 $17 22. Bxc5 Nxf4 23. Ba3 c5
24. Rfd1 $2 (24. Rbd1 Ne2+ 25. Kh1 Nd4 $19) 24... Ne2+ 25. Kf1 Nc3 $19 26. Ra1
Nxd1 27. Rxd1 Rd7 0-1

[Event "FIDE-Wch k.o."]
[Site "Las Vegas"]
[Date "1999.08.07"]
[Round "3.2"]
[White "Dreev, Alexey"]
[Black "Rublevsky, Sergei"]
[Result "1-0"]
[WhiteElo "2679"]
[BlackElo "2660"]
[Annotator "Huzman,A"]
[PlyCount "89"]
[EventDate "1999.07.31"]
[EventType "k.o."]
[EventRounds "7"]
[EventCountry "USA"]
[SourceTitle "CBM 072"]
[Source "ChessBase"]
[SourceDate "1999.10.01"]
[SourceVersion "1"]
[SourceVersionDate "1999.10.01"]
[SourceQuality "1"]

1. d4 d5 2. c4 dxc4 3. e4 e5 4. Nf3 exd4 5. Bxc4 Bb4+ 6. Bd2 Bxd2+ 7. Nbxd2 Qf6
8. O-O Ne7 9. e5 Qg6 10. Nxd4 Nbc6 11. N2f3 (11. Bb5 O-O 12. Nxc6 Nxc6 $10 {
Miles,A-Dlugy,M/Tunis (izt)/1985/}) 11... O-O 12. e6 $1 Bxe6 $146 (12... fxe6
13. Nb5 (13. Re1 Rd8 14. Bxe6+ Bxe6 15. Rxe6 Qf7 16. Qe2 $11) 13... Rd8 (13...
Kh8 14. Nxc7 Rb8 15. Qe2 (15. Re1 Qf6 16. Bxe6 Qxb2 17. Rb1 $14) 15... Nd5 $1 (
15... Rf4 16. Rae1 $16 (16. Bxe6 $2 Re4)) 16. Nxd5 exd5 17. Bxd5 Bg4 18. Qe4 (
18. Rfd1 Bxf3 19. Bxf3 Rbe8 $19 20. Qd3 $140 $2 Re1+ $1) (18. Rad1 Bxf3 19.
Bxf3 Rbe8 20. Qd3 Qxd3 21. Rxd3 Ne5 22. Re3 Nxf3+ 23. gxf3 Kg8 $10) 18... Qh5
19. Qc4 Na5 20. Qb4 Nc6 $44 {1/2-1/2 Shirov,A-Spangenberg,H/Buenos Aires 1993/
(32)}) (13... Nd5 14. Bxd5 exd5 15. Nxc7 Rb8 16. Qxd5+ Qf7 (16... Kh8 17. Rae1
Bg4 18. Ne5 Nxe5 19. Qxe5 Rbd8 20. Re3 Rd2 21. Qc5 Qf6 22. h3 b6 23. Qb4 Rd4
24. Qa3 Bc8 25. Ne8 $18 {1-0 Karpov,A-Spangenberg,H/Buenos Aires 1994/EXT 97 
(68)}) 17. Rfe1 $16) 14. Qb3 (14. Qe2 Nd5 $11) 14... Na5 15. Qa3 Nxc4 16. Qxe7
Rd7 17. Qh4 (17. Qc5 Nxb2) 17... Qd3 (17... c6 18. Na3 $1 (18. Qxc4 cxb5 19.
Qxb5 $14) 18... Nxb2 (18... Nxa3 19. Ne5 Qf6 20. Qxf6 gxf6 21. Nxd7 Bxd7 22.
Rad1 $1 Be8 23. bxa3 $16) 19. Ne5 Qf6 20. Qxf6 gxf6 21. Nxd7 Bxd7 22. Rab1 $18)
18. Nxc7 $1 $16 Rxc7 $140 19. Rad1 Qf5 20. Qd8+ $18) 13. Nxe6 fxe6 14. Re1 Kh8
(14... Rad8 15. Rxe6 (15. Bxe6+ Kh8 16. Qb3 $14) (15. Qb3 Nd5 $13) 15... Rxd1+
16. Rxd1 Qc2 17. Bb3 Qxd1+ 18. Bxd1 $14) 15. Rxe6 Qg4 16. Qe2 Ng6 (16... Rxf3
17. Re4 Nd4 18. Rxg4 Nxe2+ 19. Bxe2 Rf6 20. Bf3 $14) 17. h3 Qf5 18. Bd3 Nf4 19.
Bxf5 Nxe2+ 20. Rxe2 Rxf5 21. Rd1 $14 Kg8 22. Rd7 Rf7 23. Rxf7 Kxf7 24. Ng5+ Kg8
(24... Kg6 25. Ne6 Rc8 26. Re3 $36) 25. Re3 $1 {This endgame looks harmless,
but White has stable advantage due to better mobility of their pieces.} Rd8 26.
Ne6 Rd1+ 27. Kh2 Rd7 (27... Rd2 28. Rb3 Na5 (28... Re2 29. Nxc7 (29. Nf4 $5
Rxf2 (29... Re4 30. Nd5 b6 31. Rc3 $16) 30. Kg3 Rc2 31. Rxb7 $16)) 29. Rf3 h6
30. Rf8+ Kh7 31. b4 Nc6 32. b5 Na5 33. a4 $16) 28. Rf3 Rf7 (28... h6 29. Rf8+
Kh7 30. Rc8 $16) 29. Kg3 $1 (29. Rxf7 Kxf7 30. Nxc7 Nb4 31. Nb5 (31. Kg3 Nxa2
32. Nb5 Ke6 33. Nxa7 Nb4 34. Nb5 Nd3 35. b3 Nc1 $11)) 29... Ne5 $2 (29... Rxf3+
$8 30. Kxf3 Nb4 31. Nxc7 (31. a3 $5) 31... Nxa2 32. Nb5 a6 33. Nd6 b5 34. Ke4
$36) 30. Rxf7 Kxf7 31. Nxc7 $16 Nd3 32. Nb5 $1 (32. b3 Nc1 33. Nb5 Nxa2 (33...
Ke6 34. Nc3 (34. Nxa7 Nxa2 $11) 34... Ke5 35. Kf3 Kd4 36. Ne2+ $1 Nxe2 37. Kxe2
Kc3 38. f4 Kb2 39. f5 Kxa2 40. g4 $18) 34. Nd6+ Ke6 35. Nxb7 Kd5 $44) 32...
Nxb2 33. Nxa7 Ke6 34. Nb5 Kd5 $2 (34... Nd3 $142) 35. Nc7+ Kc4 (35... Ke5 36.
f4+ Ke4 37. Ne8 $18) 36. Ne8 $18 b5 (36... g6 37. Nd6+ $18) 37. Nxg7 Na4 38. f4
Nc3 39. f5 Kd5 40. Kf4 $1 Nxa2 41. f6 Kd6 42. Kf5 Nc3 (42... Kd7 43. Ne6 Ke8
44. Nc7+ $18) 43. Ne6 Nd5 44. f7 Ne7+ 45. Ke4 (45. Ke4 Ng6 46. f8=Q+ Nxf8 47.
Nxf8 $18) 1-0